Blue Exorcist Character Quiz - Statistics

General Stats
  • This quiz has been taken 264 times
  • The average score is 10 of 19
Answer Stats
Description Character % Correct
The Blue Exorcist Okumura Rin
99%
Teacher at the Exorcist Cram School, also above's twin brother Okumura Yukio
88%
The twins' real father Satan
87%
Chairman of True Cross Academy's Japanese branch Mephisto Pheles
73%
The twins' foster dad, Paladin Fujimoto Shiro
69%
Esquire who owns a garden Moriyama Shiemi
62%
The twins' mother Yuri Egin
62%
Very revealing Upper First Class Exorcist Shura Kirigakure
59%
Carefree and scared of bugs Renzo Shima
55%
The Cat Sidhe Kuro
54%
Eyebrows girl Izumo Kamiki
49%
The newly appointed Paladin Arthur Auguste Angel
48%
Timid and shy esquire Konekomaru Miwa
45%
Heir to the Cursed Temple in Kyoto Ryuji Suguro
45%
Chairman's brother Amaimon
42%
Upper First Class Exorcist with an eye-patch Igor Neuhaus
27%
Stole the left eye of the Impure King Saburota Todo
23%
Father of Yuri Egin Ernst Frederik Egin
19%
Delinquent at the start of the anime Reiji Shiratori
14%
No matching quizzes found
Score Distribution
Percent of People with Each Score
Percentile by Number Answered
Your Score History
You have not taken this quiz